<The> Evolving retirement income package trends in adequacy and equality in nine OECD countries

Saved in:
Bibliographic Details
Main Author: Yamada, Atsuhiro
Format: Book
Language:English
Published: Paris OECD 2002
Series:Occasional Papers No. 63
Subjects:
Tags: Add Tag
No Tags, Be the first to tag this record!

MARC

LEADER 00000nam a2200000 4500
001 c142211
005 20221124094455.3
041 0 |a eng 
044 |a FR 
245 1 0 |a <The> Evolving retirement income package  |b trends in adequacy and equality in nine OECD countries  |c Atsuhiro Yamada 
264 1 |a Paris  |b OECD  |c 2002 
300 |a 60 s. 
490 1 |a Occasional Papers  |v No. 63 
830 0 |a Occasional Papers  |v No. 63 
610 2 0 |a dôchodky 
610 2 0 |a financie 
610 2 0 |a príjmy 
610 2 0 |a politika sociálna 
610 2 0 |a programy sociálne 
610 2 0 |a populácia 
610 2 0 |a vek postproduktívny 
610 2 0 |a domácnosti 
610 2 0 |a porovnanie medzinárodné 
610 2 0 |a svet 
610 2 0 |a OECD 
100 1 |a Yamada, Atsuhiro